000 00923nam a2200253 a 4500
001
003 DO-SdBNP
005 20230206112417.0
008 110404s1973 cl 000 | spa d
040 _aBPMSU
_bspa
_cBPMSU
082 _a344.092
_bR426L 1973
_222
110 2 _aRepública Dominicana.
240 1 0 _a[Leyes, etc.]
245 1 0 _aLegislación bibliotecaria de América Latina :
_bRepública Dominicana /
_crecogida por Luis Florén Lozano ; con la colaboración de Próspero Mella Chavier ; introducción de Tomas Báez Díaz.
260 _aMedellín, Colombia :
_bUniversidad de Antioquia,
_c1973.
300 _a98 p. ;
_c21 cm.
590 _aInventariado,2021/VM
650 4 _aLegislación bibliotecaria
_zRepública Dominicana
650 4 _aAdministración de bibliotecas
700 1 2 _aFlorén Lozano, Luis,
_ecomp.
700 1 2 _aMella Chavier, Próspero,
_ecol.
910 _aVMateo V.
942 _2ddc
_cBK
999 _c13599
_d13599